000 01643cam a2200421 i 4500
001 19393647
003 NUST
005 20210112133156.0
008 161202s2018 mau 001 0 eng
010 _a 2016055262
020 _a9781292253220 (Global edition)
020 _a1292253223
020 _a9780134439099 (instructor's edition)
020 _a0134438981 (instructor's edition)
038 _aSNS Library Staff
040 _aDLC
_beng
_cDLC
_erda
_dDLC
042 _apcc
050 0 0 _aQA303.2
_b.W45 2018
082 0 0 _a515 THO 2020
_223
_bTHO
100 _4Hass. Heil. Weir
245 0 0 _aThomas' Calculus
_cbased on the original work by George B. Thomas, Jr., Massachusetts Institute of Technology, as revised by Joel Hass, University of California, Davis, Christopher Heil, Georgia Institute of Technology, Maurice D. Weir, Naval Postgraduate School.
250 _aFourteenth edition.
264 1 _a[Boston?] :
_bPearson,
_c[2020]
300 _a1052 + (various paging's) :
_billustratrions ;
_c29 cm
336 _atext
_btxt
_2rdacontent
337 _aunmediated
_bn
_2rdamedia
338 _avolume
_bnc
_2rdacarrier
440 _aThomas' Calculus
_935596
500 _aIncludes index.
650 0 _aCalculus
_vTextbooks.
_94507
650 0 _aGeometry, Analytic
_vTextbooks.
_94508
700 1 _aHass, Joel.
_94510
700 1 _aHeil, Christopher,
_d1960-
_918020
700 1 _aWeir, Maurice D.
_94506
906 _a7
_bcbc
_corignew
_d1
_eecip
_f20
_gy-gencatlg
942 _2ddc
_cBK
_k515 THO 2020
999 _c541231
_d541231